Представление документа в формате MARC21

Поле Инд. ПП Название Значение
Тип записи a
Библиографический уровень b
001 Контрольный номер RU/IS/BASE/283431136
005 Дата корректировки 20220715140347.3
008 Кодируемые данные 20081224
040 b Код языка каталог. rus
e Правила каталог. PSBO
041 0_ a Код языка текста rus
084 a Индекс другой классификации/Индекс ББК 66.4(0),303; 60.527; 60.561.37
100 1_ a Автор Кузнецов Д. В.
q Полное имя Кузнецов Дмитрий Владиславович
245 10 a Заглавие Иранская проблема и общественность США, стран Западной Европы, государства Израиль и Ирана
b Продолж. заглавия (взгляд сквозь призму опросов общественного мнения)
504 a Библиография Библиогр. ссылки. - Примеч.
650 a Основная рубрика международные отношения
a Основная рубрика общественное мнение
a Основная рубрика политика
a Основная рубрика политическая социология
a Основная рубрика социология
653 a Ключевые слова Западная Европа
a Ключевые слова Израиль
a Ключевые слова Иран
a Ключевые слова международные проблемы
a Ключевые слова социология международных отношений
a Ключевые слова США
a Ключевые слова ядерное оружие (атомное оружие)
773 t Заглавие источника Вестник Московского университета. Серия 18, Социология и политология
d Дата издания источника 2008
g Прочая информация № 1. - С. 3 - 20 : табл.
w Контрольный № источника RU/IS/BASE/279889919
901 t Тип документа b